|
|
|
|
| LEADER |
00000cam a2200000 7i4500 |
| 001 |
0000000461 |
| 005 |
20000821.0 |
| 020 |
0 |
0 |
|a 9679933199
|
| 090 |
0 |
0 |
|a 354.595
|b WAR 1993
|
| 245 |
0 |
0 |
|a WARISAN gemilang :
|b Kumpulan rencana pilihan buletin INTAN 1976-1991
|
| 260 |
0 |
0 |
|a Kuala Lumpur :
|b Institut Tadbiran Awam Negara ,
|c 1993
|
| 300 |
|
|
|a xxi, 350 p. ;
|c 25 cm.
|
| 500 |
0 |
0 |
|a Includes index
|
| 650 |
0 |
0 |
|a Civil service
|x In service training
|z Malaysia
|
| 650 |
0 |
0 |
|a Civil service
|z Malaysia
|
| 650 |
0 |
0 |
|a Government executives
|z Malaysia
|
| 650 |
0 |
0 |
|a Management
|
| 650 |
0 |
0 |
|a Public administration
|z Malaysia
|
| 710 |
1 |
1 |
|a Institut Tadbiran Awam Negara (INTAN)
|
| 999 |
|
|
|a 0000000193
|b Monograph
|c Open Shelf
|e Default branch
|
| 999 |
|
|
|a 0000001621
|b Monograph
|c Open Shelf
|e Default branch
|